Statistics for Teams That Have Won the English League Cup but Not the FA Cup

Click here to take the quiz!

General Stats

  • This quiz has been taken 264 times
  • The average score is 5 of 9

Answer Stats

Year(s) wonClub% Correct
1962, 1985Norwich City
76%
1963, 2011Birmingham City
74%
2013Swansea City
66%
1988Luton Town
60%
2004Middlesbrough
58%
1986Oxford United
44%
1967Queens Park Rangers
44%
1969Swindon Town
42%
1972Stoke City
39%

Score Distribution

Percentile by Number Answered

Percent of People with Each Score

Your Score History

You have not taken this quiz